01012cam a22002891a 4500001001300000003000400013005001700017008004100034010001700075035002000092040004700112050001700159070002000176072000900196100004600205245007300251260005800324300002800382490006600410500001700476500006500493650002000558650002800578650003300606830006800639999001500707agr39000322 DLC20260227110957.0850626s1939 dcua f000 0 eng c aagr39000322  a(OCoLC)12203946 aU.S. Dept. of agr. LibrarycDSIdDNALdDLC00aSB608.G4bS80 a1bAg84C no.516 0aF8211 aSmith, Floyd F.q(Floyd Franklin),d1900-10aControl of cyclamen and broad mites on Gerbera /cby Floyd F. Smith. aWashington, D.C. :bU.S. Dept. of Agriculture,c1939. a15 p. :bill. ;c24 cm.1 aCircular / United States Department of Agriculture ;vno. 516 aCover title. aContribution from Bureau of Entomology and Plant Quarantine. 0aMitesxControl. 0aCyclamen mitexControl. 0aGerberaxDiseases and pests. 0aCircular (United States. Department of Agriculture) ;vno. 516. c9945d9945